Little Women (Record no. 370112)

MARC details
000 -LEADER
fixed length control field 00427nam a2200169 4500
005 - DATE AND TIME OF LATEST TRANSACTION
control field 20260123130326.0
008 - FIXED-LENGTH DATA ELEMENTS--GENERAL INFORMATION
fixed length control field 260123b |||||||| |||| 00| 0 eng d
020 ## - INTERNATIONAL STANDARD BOOK NUMBER
International Standard Book Number 978-0-143-47907-9
041 ## - LANGUAGE CODE
Language code of text/sound track or separate title English
082 ## - DEWEY DECIMAL CLASSIFICATION NUMBER
Classification number X 823 ALC
Item number B12199
100 ## - MAIN ENTRY--PERSONAL NAME
Author Alcott, Louisa May
245 ## - TITLE STATEMENT
Title Little Women
260 ## - PUBLICATION, DISTRIBUTION, ETC.
Place of publication, distribution, etc. New Delhi
Name of publisher, distributor, etc. Penguin Books
Date of publication, distribution, etc. 2025
300 ## - PHYSICAL DESCRIPTION
Extent 248p
Other physical details pb
365 ## - TRADE PRICE
Price type code Rupaye
Price amount 159
Currency code INR
942 ## - ADDED ENTRY ELEMENTS (KOHA)
Koha item type Books
Holdings
Withdrawn status Lost status Source of classification or shelving scheme Damaged status Not for loan Collection code Home library Current library Date acquired Vendor Net Price Bill number Total Checkouts Full call number Barcode Date last seen Date last checked out Actual Price Bill Date Koha item type Original Barcode
    Dewey Decimal Classification     Fiction Smt. Bakul Tambat Institute of Nursing Education Smt. Bakul Tambat Institute of Nursing Education 30/12/2025 Amazon(online) 171-8676699-1475507 159.00 IN-4824 2 X 823 ALC B12199 BTIN-BK-12199 04/03/2026 16/02/2026 159.00 30/12/2025 Books BTIN-BK-12199